000 00661nam a2200229Ia 4500
003 OSt
005 20220925232051.0
006 a|||||r|||| 00| 0
007 ta
008 220923b |||||||| |||| 00| 0 eng d
037 _cGeneral Book
040 _aRTL
_cRTL
_beng
041 _2eng
_aeng
082 _aV73,4.N, K3
100 _aStern Clarence A
_9116358
245 0 _aResurgent republicaniam
_b A handiwork of Hanna
260 _aMichigan
_bEdwards Brothers
_c1963
300 _axi, 96p
_ccm.
650 _aConstitution United States
_9240337
942 _hV73,4.N, K3
_cGB
_2CC
999 _c590197
_d590197